| 000 | 01560nam a2200289Ia 4500 | ||
|---|---|---|---|
| 999 |
_c55386 _d55386 |
||
| 001 | 22466 | ||
| 003 | GE_BSU | ||
| 005 | 20230314122348.0 | ||
| 008 | 181216s2017||||ge |||||||||||||| ||geo|| | ||
| 020 | _a9789941937729 | ||
| 040 | _cGE_BSU | ||
| 041 | _ageo | ||
| 080 | _a330.1(075.8) :339.13(075.8) ა-87 | ||
| 100 |
_aასათიანი, როზეტა _917205 |
||
| 245 |
_aსაზოგადოებრივი სექტორის ეკონომიკა : _b სახელმძღვანელო / _cროზეტა ასათიანი ; სარედაქციო კოლეგია : რამაზ აბესაძე (მთ. რედ.), ევგენი ბარათაშვილი, ვაჟა ლორთქიფანიძე [და სხვ.]. |
||
| 264 |
_aთბილისი : _bსიახლე, _c2017. |
||
| 300 |
_a456 გვ. ; _c20 სმ. |
||
| 500 | _aთავფურცლის მე-2 გვერდი ინგლისურ ენაზე | ||
| 504 | _aბიბლიოგრაფია გვ. : 427-442 | ||
| 541 | _h33ლ. | ||
| 653 | _aეკონომიკა | ||
| 653 | _aეკონომიკური მოძღვრება | ||
| 653 | _aსაბაზრო ეკონომიკა | ||
| 653 | _aსაზოგადოებრივი სექტორის ეკონომიკა | ||
| 700 |
_aაბესაძე, რამაზ _eმთ. რედაქტორი _9905 |
||
| 942 |
_cBK _2udc |
||